Francisco de Vitoria
Saved in:
| Main Authors: | , , , , |
|---|---|
| Other Authors: | , |
| Format: | Book |
| Language: | Spanish |
| Published: |
Madrid
Universidad de Santiago de Compostela
1947
|
| Subjects: | |
| Tags: |
Add Tag
No Tags, Be the first to tag this record!
|
MARC
| LEADER | 00000nam a2200000 a 4500 | ||
|---|---|---|---|
| 001 | UCV1032 | ||
| 003 | CL-VaPUC | ||
| 005 | 20221114163159.0 | ||
| 008 | 890824e19470000SP |||||||||||||||||spa|d | ||
| 999 | |c 209139 |d 209137 | ||
| 040 | |c Pontificia Universidad Católica de Valparaíso | ||
| 082 | 0 | 4 | |a 340.81 |b BAR |2 21 |
| 100 | 0 | |a Barcia, Camilo |e author |9 295315 | |
| 245 | 1 | 0 | |a Francisco de Vitoria |
| 260 | |a Madrid |b Universidad de Santiago de Compostela |c 1947 | ||
| 300 | |a 336 p | ||
| 583 | |a last modification |c 20180827 03:08:36 |k Rodrigo Vera | ||
| 600 | 0 | 7 | |a VITORIA, FRANCISCO DE |2 CL-VaPUC |9 255729 |
| 650 | 0 | |a Crítica e interpretación |9 255042 | |
| 700 | |a Ors, Álvaro d' |e autor |9 878430 | ||
| 700 | 0 | |a Fuentemayor, Amadeo |e author |9 295316 | |
| 700 | 0 | |a López Rodó, L |e author |9 295317 | |
| 700 | |a Lissarrague, Salvador |e autor |9 393570 | ||
| 700 | 0 | |a Pedret Casado, Paulino |e author |9 295319 | |
| 700 | |a Legaz Lacambra, Luis |e author |9 393604 | ||
| 942 | |c BK |2 ddc | ||
| 945 | |d 19890824 00:00:00 | ||
| 952 | |0 0 |1 0 |4 0 |6 340_810000000000000_BAR_1947 |7 0 |8 DER_TF |9 184328 |a BIBDER |b BIBDER |d 2019-11-14 |i 2515458 |l 1 |o 340.81 BAR 1947 |p 2515458 |r 2023-01-25 |s 2020-03-17 |w 2019-11-14 |x Ubicación 4to Piso |y BK |z Estos recursos deben solicitarse con anticipación |k DER | ||